Normal view
MARC view
- تأليف: ابي يوسف يعقوب بن ابراهيم، يحيى بن آدم القرشي، ابر رجب الحنبلي
Entry Personal Name
001 - CONTROL NUMBER
- control field: 59138
003 - CONTROL NUMBER IDENTIFIER
- control field: JO-AjAnu
005 - DATE AND TIME OF LATEST TRANSACTION
- control field: 20230606083655.0
008 - FIXED-LENGTH DATA ELEMENTS
- fixed length control field: 230606|| aca||aabn | a|a d
040 ## - CATALOGING SOURCE
- Original cataloging agency: JO-AjAnu
- Transcribing agency: JO-AjAnu
100 ## - HEADING--PERSONAL NAME
- Personal name: تأليف: ابي يوسف يعقوب بن ابراهيم، يحيى بن آدم القرشي، ابر رجب الحنبلي
670 ## - SOURCE DATA FOUND
- Source citation: Work cat.: (JO-AjAnu)30165: تأليف: ابي يوسف يعقوب بن ابراهيم، يحيى بن آدم القرشي، ابر رجب الحنبلي, author, كتاب الخراج، كتاب الخراج، كتاب الخراج، الاستخراج لاحكام الخراج